000 03772cam a2200457Ma 4500
001 ocn794491291
005 20250205130744.0
006 m o d
007 cr cn|||||||||
008 120510s2012 ne a ob 001 0 eng d
010 _a 2012935811
020 _a9780080982625
_q(electronic bk.)
020 _a008098262X
_q(electronic bk.)
020 _a9780080982809
_q(electronic bk.)
020 _a0080982808
_q(electronic bk.)
040 _aKO
_beng
041 0 _aeng
082 0 4 _a623.8/3
_222
084 _a55.49
_2bcl
100 1 _aButler, Don.
245 1 0 _aGuide to ship repair estimates (in man-hours) /
_cDon Butler.
250 _a2nd ed.
260 _aAmsterdam ;
_aBoston :
_bElsevier/Butterworth-Heinemann,
_c2012.
300 _a1 online resource (xi, 122 pages) :
_billustrations
338 _aonline resource
490 0 _aMarine engineering
504 _aIncludes bibliographical references and index.
520 _aExpert ship surveyor Don Butler shares a lifetime's ship repair costing experience in this unique resource for accurate cost estimation and planning Includes hard to come by information on typical ship repair labor expectations for accurate man-hour forecasting and cost estimation Produced for marine engineers and marine industry professionals to aid with repair specification and negotiation, helping you to plan work and budgets more reliably Uses man-hours as opposed to particular rates or currencies, providing a long-term model for pricing regardless of location, rate fluctuation or inflation Bringing together otherwise scattered details on specific repair and dry-docking activities, this invaluable guide will save you time and improve the accuracy of your ship repair estimates. Don't plan or commission work without it! Don Butler is a fellow of the Institute of Marine Engineers and a member of Society of Consulting Marine Engineers and Ship Surveyors, UK. Made up of very hard to come by information on typical ship repair labor expectations for accurate man-hour forecasting and cost estimationProduced for marine engineers and marine industry professionals to save time, aid in repair negotiation and help companies to plan more reliablyMan-hour listings assist in long-term pricing, meaning the book content remains valid regardless of currency, rate fluctuation or inflation.
505 0 _aFront Cover; A Guide to Ship Repair Estimatesin Man-hours; Copyright; Contents; List of figures; List of tables; Chapter 1- Introduction; Chapter 2 -- Drydocking works; Docking and undocking; Dock rent per day; Hull preparation; Hull painting; Rudder works; Propeller works; Tailshaft works; Anodes; Sea chests; Docking plugs; Valves; Fenders; Anchors and cables; Chain lockers; Staging; Chapter3 -- Steel works; Calculation of steel weights; Chapter 4 -Pipe works; Chapter5 -- Mechanical works; Overhauling diesel engines (single-acting, slow-running, in-line, four-stroke, trunk type); Valves.
505 0 _aCondensersHeat exchangers; Turbines; Compressors; Receivers; Pumps; Boilers (main and auxiliary); Chapter 6- Electrical works; Chapter 7- General works; Chapter 8 -- Planning charts; Sample graph loadings for major trades in ship repairing; Index.
650 0 _aShips
_xMaintenance and repair
_xEstimates.
650 0 _aShipyards
_xManagement.
650 6 _aNavires
_0(CaQQLa)201-0085179
_xEntretien et r�eparations
_0(CaQQLa)201-0085179
_xDevis estimatifs.
_0(CaQQLa)201-0374098
650 6 _aChantiers navals
_0(CaQQLa)201-0034420
_xGestion.
_0(CaQQLa)201-0380063
650 7 _aShipyards
_xManagement.
_2fast
_0(OCoLC)fst01116663
856 _uhttp://www.sciencedirect.com/science/book/9780080982625
904 _aRUDRA_R
905 _aR_RANJAN
942 _2ddc
_cEB
999 _c3358
_d3358